Statistics for Countries Bill Clinton Traveled To As President

Click here to take the quiz!

General Stats

  • This quiz has been taken 103 times
  • The average score is 51 of 73

Answer Stats

VisitsCountry% Correct
7United Kingdom
98%
5Canada
97%
5France
97%
6Germany
97%
2Mexico
95%
2Spain
95%
5Japan
94%
2China
93%
8Italy
93%
5Russia
93%
1Australia
92%
1Brazil
91%
1Norway
91%
1India
90%
1Portugal
90%
1Argentina
89%
4Egypt
88%
3South Korea
88%
1South Africa
86%
1Finland
85%
1New Zealand
85%
1Denmark
84%
1Indonesia
83%
3Ireland
83%
1Saudi Arabia
83%
2Belgium
81%
1Chile
81%
4Israel
81%
1Pakistan
81%
2Poland
81%
1Netherlands
80%
1Colombia
77%
1Greece
76%
5Switzerland
75%
1Vietnam
75%
1Turkey
74%
3Ukraine
73%
1Venezuela
73%
1Thailand
72%
1Latvia
70%
1Morocco
70%
2Hungary
69%
1Romania
69%
1Bulgaria
68%
1Croatia
68%
1Slovenia
65%
1Costa Rica
64%
1Czech Republic
61%
1Haiti
61%
1Kuwait
61%
1Syria
61%
1Nicaragua
60%
1Guatemala
59%
3Bosnia & Herzegovina
58%
1Nigeria
58%
1El Salvador
57%
1Honduras
57%
2Philippines
57%
1Belarus
56%
2Jordan
53%
1Oman
53%
1Vatican City
53%
1Bangladesh
50%
1Macedonia
43%
2Kosovo
42%
1Tanzania
42%
1Ghana
36%
1Barbados
34%
1Uganda
32%
1Rwanda
30%
1Senegal
30%
1Botswana
24%
1Brunei
15%

Score Distribution

Percentile by Number Answered

Percent of People with Each Score

Your Score History

You have not taken this quiz